000 00862nam a22002417a 4500
999 _c2828
_d2828
003 AR-CdUCM
008 190305b ||||| |||| 00| 0 spa d
040 _aMUNICIPALIDAD PROVINCIAL DEL CUSCO
_cBIBLIOTECA MUNICIPAL DEL CUSCO
082 _a340.7 /
_bB82
100 _aEduardo B, Carlos
_99831
245 _aClinica Juridica y Enseñanza Practica /
260 _aBuenos Aires :
_bEdiciones Juridicas Europa-America,
_c1959.
300 _a208 paginas ;
_c15cm.
440 _aBreviarios de Derecho
_n21
_99832
500 _aColecciones
505 _aContenido- Mision de la universidad -- forma de transmision de la enseñanza superior -- Generalidades -- Estudio comparativo...
650 _aUniversidad
_91570
650 _aLiteratura
_9416
650 _aSiglo XX
_98
700 _aSentís Melendo, Santiago
_95141
942 _2ddc
_cLIBROS
945 _apjha